| 000 | 00000nam##2200000za#4500 |
| 001 | 9.699667 |
| 003 | CaOODSP |
| 005 | 20210625000501 |
| 007 | cr ||||||||||| |
| 008 | 150407|2009||||xxc|||||o f|0| 0 eng|d |
| 040 | |aCaOODSP|beng |
| 043 | |an-cn--- |
| 086 | 1 |aH128-1/09-576E-PDF |
| 110 | 1 |aCanada.|bHealth Canada. |bConsumer Product Safety. |
| 245 | 10|aDanger! Furniture and televisions can tip over onto children |h[electronic resource] |
| 260 | |aOttawa - Ontario : |bHealth Canada. |cc2009. |
| 300 | |a1p.|billus. |
| 500 | |aThe catalogue number (H128-1/09-576) and ISBN (978-0-662-06562-3) for the bilingual print edition have been incorrectly copied in this electronic publication. |
| 590 | |a14-14-Supp|b2014-07-24 |
| 690 | 07|aChild safety|2gcpds |
| 690 | 07|aFurniture|2gcpds |
| 775 | 08|tAttention! Des meubles et télévisions peuvent basculer et tomber sur des enfants |w(CaOODSP)9.643643 |
| 776 | 0#|tDanger! Furniture and televisions can tip over onto children |w(CaOODSP)9.671001 |
| 776 | 0#|tAttention! Des meubles et télévisions peuvent basculer et tomber sur des enfants |w(CaOODSP)9.671002 |
| 856 | 40|ahttp://publications.gc.ca|qPDF|s111 KB|uhttps://publications.gc.ca/collections/collection_2014/sc-hc/H128-1-09-576-eng.pdf |
| 986 | |aHC Pub.: 4502 |